|
|
|
|
| LEADER |
01009nam a22002651 4500 |
| 001 |
41266 |
| 003 |
BD-DhAAL |
| 008 |
230604t1968 nyu b 000 0 eng d |
| 010 |
|
|
|a 67030986
|
| 040 |
|
|
|a DLC
|c DLC
|d DLC
|d BD-DhAAL
|
| 050 |
0 |
0 |
|a BP161.2
|b .F3
|
| 082 |
0 |
0 |
|a 297
|2 23
|
| 100 |
1 |
|
|a Farah, Caesar E.
|9 54445
|
| 245 |
1 |
0 |
|a Islam :
|b beliefs and observances /
|c Caesar E. Farah.
|
| 260 |
|
|
|a Woodbury, N.Y. :
|b Barron's Educational Series,
|c c1968.
|
| 300 |
|
|
|a xii, 306 pages ;
|c 21 cm.
|
| 490 |
0 |
|
|a Barron's compact studies of world religions
|
| 504 |
|
|
|a Includes bibliographical references.
|
| 541 |
|
|
|a Donated By Akbar Ali Khan
|e 41266
|
| 650 |
|
|
|a Islam.
|
| 830 |
|
|
|a Barron's compact studies of world religions
|9 54446
|
| 852 |
|
|
|a Ayesha Abed Library
|c Akbar Ali Khan Collection
|
| 942 |
|
|
|2 ddc
|c BK
|
| 999 |
|
|
|c 45841
|d 45841
|
| 952 |
|
|
|0 0
|1 0
|2 ddc
|4 0
|6 297_000000000000000_FAR
|7 1
|9 73729
|a BRACUL
|b BRACUL
|c AAKC
|d 2023-06-04
|e Donated By Akbar Ali Khan
|l 0
|o 297 FAR
|p 3010041266
|r 2023-06-04
|t 1
|w 2023-06-04
|y BK
|